000 00669nam a22002177a 4500
003 OSt
005 20251106073501.0
008 251106b |||||||| |||| 00| 0 eng d
020 _a 978-971-07-4434-3
040 _aDWCL - Main Lib
_cOC
082 _aFil. 500 A471s 2019
100 _aAlumaga, Marie Jessica B.
245 _aScience and technology 9 /
_cMarie Jessica B. Alumaga
260 _aQuezon City, Philippines :
_bVibal Group,
_cc2019
300 _ax, 294 p :
_bcol. ill ;
_c26 cm.
504 _a1.Includes Glossary
504 _a2.References
650 _a1.Science and technology
650 _a2.Study and teaching
942 _2ddc
_cBK - FIL
_mFil.
_n0
999 _c5617
_d5617